Photoshop 7 / (Record no. 848)

MARC details
000 -LEADER
fixed length control field 00546nam a2200193 ar4500
001 - CONTROL NUMBER
control field 848
005 - DATE AND TIME OF LATEST TRANSACTION
control field 20221127090032.0
008 - FIXED-LENGTH DATA ELEMENTS--GENERAL INFORMATION
fixed length control field 080611s xxua 00110|eng d
020 ## - INTERNATIONAL STANDARD BOOK NUMBER
International Standard Book Number 0782141102
041 0# - LANGUAGE CODE
Language code of text/sound track or separate title Eng
082 04 - DEWEY DECIMAL CLASSIFICATION NUMBER
Classification number 006.6
Item number R661 2002
Edition number 22
100 1# - MAIN ENTRY--PERSONAL NAME
Personal name Romaniello, Steve.
245 10 - TITLE STATEMENT
Title Photoshop 7 /
Statement of responsibility, etc. S. Romaniello
260 ## - PUBLICATION, DISTRIBUTION, ETC.
Place of publication, distribution, etc. San Francisco, CA ;
-- London :
Name of publisher, distributor, etc. Sybex,
Date of publication, distribution, etc. 2002
300 ## - PHYSICAL DESCRIPTION
Extent 625 p. :
Other physical details ill. ;
Dimensions 23 cm.
Accompanying material 1 CD
504 ## - BIBLIOGRAPHY, ETC. NOTE
Bibliography, etc. note Includes bibl. references and index.
650 #4 - SUBJECT ADDED ENTRY--TOPICAL TERM
Topical term or geographic name entry element Computer graphics.
650 #4 - SUBJECT ADDED ENTRY--TOPICAL TERM
Topical term or geographic name entry element Engineering graphics.
Holdings
Withdrawn status Lost status Source of classification or shelving scheme Damaged status Not for loan Home library Current library Date acquired Total Checkouts Full call number Barcode Date last seen Copy number Price effective from Koha item type
          CENTRAL CENTRAL 11/27/2022   006.6 R661 2002 1000000000973 11/27/2022 C1 11/27/2022 Book
          CENTRAL CENTRAL 11/27/2022   006.6 R661 2002 1000000005335 11/27/2022 C2 11/27/2022 CD